Score 0/21 Timer 08:00
3 Plays Today
League Team % Correct
NBASacramento Kings
89.4%
NFLAtlanta Falcons
80.4%
MLBBoston Red Sox
80.2%
NBABoston Celtics
79.8%
NFLDenver Broncos
78.2%
NHLBoston Bruins
77.8%
NBAOklahoma City Thunder
77.7%
NBAAtlanta Hawks
76%
NFLIndianapolis Colts
74.7%
NBADenver Nuggets
73%
MLBColorado Rockies
71.9%
League Team % Correct
NBAPhoenix Suns
71%
NHLColorado Avalanche
67.8%
NBAIndiana Pacers
67.8%
NFLTennessee Titans
66.8%
NHLColumbus Blue Jackets
64.4%
NBAUtah Jazz
62.8%
MLBArizona Diamondbacks
62%
NHLNashville Predators
60.3%
NHLMinnesota Wild
53.6%
NHLCarolina Hurricanes
48.4%
Remove Ads.
Support Sporcle.
Get the best of Sporcle when you Go Orange. This ad-free experience offers more features, more stats, and more fun while also helping to support Sporcle. Thank you for becoming a member.

You're not logged in!

Compare scores with friends on all Sporcle quizzes.
OR
Log In

Sporcle TV

Today on Sporcle TV


Watch our educational content, quiz creation guides, and fun videos on Sporcle TV.

Show Comments

Extras

Top Quizzes Today


Score Distribution

Paid Content

Your Account Isn't Verified!

In order to create a playlist on Sporcle, you need to verify the email address you used during registration. Go to your Sporcle Settings to finish the process.

Report this User

Report this user for behavior that violates our Community Guidelines.

Details: